Unhappiest Countries - Statistics

General Stats
  • This quiz has been taken 139 times
  • The average score is 17 of 30
Answer Stats
Answer % Correct
Niger
80%
Afghanistan
79%
Republic of the Congo
77%
Chad
71%
Mali
71%
Syria
71%
Central African Republic
64%
Rwanda
64%
Guinea
61%
Egypt
60%
Liberia
60%
Sierra Leone
60%
Yemen
60%
Tanzania
59%
Burundi
55%
Gabon
55%
Madagascar
55%
Malawi
55%
Togo
55%
Benin
52%
Burkina Faso
52%
Senegal
51%
Botswana
47%
Haiti
45%
Comoros
43%
Nepal
41%
Cambodia
39%
Armenia
37%
Georgia
36%
Sri Lanka
34%
No matching quizzes found
Score Distribution
Percent of People with Each Score
Percentile by Number Answered
Your Score History
You have not taken this quiz